000
00337nam a2200145Ia 4500
008
090124s9999 xx 000 0 und d
082
_b
201814
245
_a
आजच
250
_a
2
260
_b
आपटे हरी नारायण
_c
1965
300
_a
212
630
_a
आजच
730
_a
आजच
942
_c
BOOK
999
_c
183395
_d
183395